Charlton Athletic Trivia - Statistics

General Stats
  • This quiz has been taken 48 times
  • The average score is 10 of 16
Answer Stats
Question Answer % Correct
What is Charlton Athletic’s nickname? The {Addicks}
98%
What is the name of Charlton Athletic’s stadium? The Valley
93%
Who is the current manager of Charlton Athletic? Nathan Jones
84%
In 2013, a survey found that Charlton Athletic fans consider their biggest South London Derby to be with which club? Crystal Palace
75%
Who managed Charlton Athletic from 1991 to 2006, leading them twice to promotion to the Premier League? Alan Curbishley
68%
Who is Charlton Athletic’s record sale, departing for £16.5m to Tottenham Hotspur in 2007? Darren Bent
64%
Who is the current captain of Charlton Athletic? Greg Docherty
64%
Between 1985 and 1992, Charlton Athletic played their home games at which two grounds, having been forced to vacate their own stadium? Selhurst Park
64%
Between 1985 and 1992, Charlton Athletic played their home games at which two grounds, having been forced to vacate their own stadium? Boleyn Ground
57%
Who scored a hat-trick for Charlton Athletic as they beat Sunderland in the 1998 Division One Play-Off Final? Clive Mendonca
55%
Which Englishman is Charlton Athletic’s record goalscorer with 168? Derek Hales
55%
Who is Charlton Athletic’s record signing, arriving from Wimbledon for £4.75m in 2001? Jason Euell
50%
Who managed Charlton Athletic from 1933 to 1956, guiding them from the third tier to runners-up in the First Division within four years? Jimmy Seed
50%
Which Englishman is Charlton Athletic’s record appearance-maker with 623? Sam Bartram
48%
Which club did Charlton Athletic beat 1-0 in the 1947 FA Cup Final to claim their only major honour to date? Burnley
43%
In 1965, which Charlton Athletic player became the first substitute to be used in the Football League? Keith Peacock
30%
No matching quizzes found
Score Distribution
Percent of People with Each Score
Percentile by Number Answered
Your Score History
You have not taken this quiz